| 000 | 00563nam a22001937a 4500 | ||
|---|---|---|---|
| 005 | 20250710121641.0 | ||
| 008 | 250710b |||||||| |||| 00| 0 eng d | ||
| 020 | _a978-1-4080-3214-5 | ||
| 050 | _aHF 5415 .M37 2012 | ||
| 100 | _aDIBB, SALLY | ||
| 245 | _aMARKETING: CONCEPTS AND STRATEGIES | ||
| 250 | _a6 | ||
| 260 |
_aUNITED KINGDOM _bCENGAGE LEARNING EMEA _c2012 |
||
| 300 | _aXVIII,815P.:ILL | ||
| 500 | _aINCLUDES BIBLIOGRAPHICAL REFERENCES AND INDEX | ||
| 650 | _aMARKETING | ||
| 700 | _a1. SIMKIN, LYNDON 2. PRIDE, WILLIAM M. | ||
| 942 |
_2lcc _cBK |
||
| 999 |
_c215879 _d215879 |
||